Advanced organic chemistry

This volume assumes a level of familiarity with structural and mechanistic concepts comparable to that in the companion volume, Part A, Structures and Mechanisms. Together, the two volumes are intended to provide the advanced undergraduate or beginning graduate student in chemistry with a sufficient...

Full beskrivning

Sparad:
Bibliografiska uppgifter
Huvudupphovsman: Carey, Francis A.
Materialtyp: Bok
Språk:Undetermined
Publicerad: New York Springer 2007
Ämnen:
Taggar: Lägg till en tagg
Inga taggar, Lägg till första taggen!
Thư viện lưu trữ: Trung tâm Học liệu Trường Đại học Cần Thơ
LEADER 00939nam a2200205Ia 4500
001 CTU_164220
008 210402s9999 xx 000 0 und d
020 |c 69.92 
082 |a 547 
082 |b C273/P. A 
100 |a Carey, Francis A. 
245 0 |a Advanced organic chemistry 
245 0 |c Francis A. Carey, Richard J. Sundberg 
260 |a New York 
260 |b Springer 
260 |c 2007 
520 |a This volume assumes a level of familiarity with structural and mechanistic concepts comparable to that in the companion volume, Part A, Structures and Mechanisms. Together, the two volumes are intended to provide the advanced undergraduate or beginning graduate student in chemistry with a sufficient foundation to comprehend and use the research literature in organic chemistry 
650 |a Chemistry, Organic,Hóa học, hữu cơ 
910 |a Huỳnh Mai 
980 |a Trung tâm Học liệu Trường Đại học Cần Thơ